000
00259nam a22000977a 4500
999
_c
11803
_d
11803
008
200218b ||||| |||| 00| 0 eng d
020
_a
0440849904
100
_a
Bishop Huchet
_9
7484
245
_a
The Five Chinese Brothers
260
_a
New York
_b
Trumpet Club
_c
1938